Drum Trivia - Statistics

General Stats
  • This quiz has been taken 238 times
  • The average score is 7 of 15
Answer Stats
Hint Answer % Correct
Stick Brand: Vic _____ Firth
81%
Most well known Drum manufacturer? pearl
70%
Most well know Cymbal Manufacturer? Zildjian
69%
LRLL/RLRR Paradiddle
66%
Drummer of Rush Neil Peart
57%
Country Name thats also a variety of Crash Cymbal China
51%
Drummer of Blink-182 Travis Barker
49%
Type of plastic used to tip sticks Nylon
45%
Stand Typically used for Crash Cymbals Boom
40%
Drummer for GreenDay Tre Cool
36%
SlipKnot's Drummer Joey Jordison
33%
Name for the Skin you actually hit? Batter
31%
And the other Skin? Resonant
27%
Evan's Drum and Promark,stick were taken over by? D'Addario
12%
LRRL/RLLR Inverted Paradiddle
11%
No matching quizzes found
Score Distribution
Percent of People with Each Score
Percentile by Number Answered
Your Score History
You have not taken this quiz